Consequences and context for Russia's violations of the INF treaty : joint hearing before the Subcommittee on Strategic Forces of the Committee on Armed Services meeting jointly with Subcommittee on Terrorism, Nonproliferation, and Trade of the Committee on Foreign Affairs, House of Representatives, One Hundred Fifteenth Congress, first session, hearing held March 30, 2017.

Bibliographic Details
Corporate Authors: United States. Congress. House. Committee on Armed Services. Strategic Forces Subcommittee (Author), United States. Congress. House. Committee on Foreign Affairs. Subcommittee on Terrorism, Nonproliferation, and Trade (Author)
Format: Government Document eBook
Language:English
Published: Washington : U.S. Government Publishing Office, 2017.
Subjects:
Online Access:https://purl.fdlp.gov/GPO/gpo86206
http://purl.fdlp.gov/GPO/gpo86206

MARC

Tag First Indicator Second Indicator Subfields
LEADER 00000cam a2200000 i 4500
001 in00003977539
005 20210514090955.0
006 m o d f
007 cr b|||||a||||
008 171103s2017 dcu ob f000 0 eng c
035 |a (OCoLC)on1009086633 
042 |a pcc 
043 |a n-us---  |a e-ru--- 
040 |a GPO  |b eng  |e rda  |e pn  |c GPO  |d GPO  |d OCLCF  |d MERUC  |d OCLCA  |d LWA  |d UOK  |d GPO  |d MvI 
049 |a WWW 
050 4 |a KF27  |b .A772 2017b 
074 |a 1012-F (online) 
086 0 |a Y 4.AR 5/2 A:2017-2018/31 
088 |a H.A.S.C. no. 115-31 
088 |a Serial no. 115-57 (United States. Congress. House. Committee on Foreign Affairs) 
110 1 |a United States.  |b Congress.  |b House.  |b Committee on Armed Services.  |b Strategic Forces Subcommittee,  |e author. 
245 1 0 |a Consequences and context for Russia's violations of the INF treaty :  |b joint hearing before the Subcommittee on Strategic Forces of the Committee on Armed Services meeting jointly with Subcommittee on Terrorism, Nonproliferation, and Trade of the Committee on Foreign Affairs, House of Representatives, One Hundred Fifteenth Congress, first session, hearing held March 30, 2017. 
264 1 |a Washington :  |b U.S. Government Publishing Office,  |c 2017. 
300 |a 1 online resource (v, 102 pages) 
336 |a text  |b txt  |2 rdacontent 
337 |a computer  |b c  |2 rdamedia 
338 |a online resource  |b cr  |2 rdacarrier 
588 |a Description based on online resource; title from PDF title screen (FDsys, viewed on Oct. 12, 2017). 
500 |a Paper version available for sale by the Superintendent of Documents, United States Government Publishing Office. 
504 |a Includes bibliographical references. 
500 |a "H.A.S.C. no. 115-31." 
500 |a "Serial no. 115-57." 
630 0 0 |a Treaty Between the United States of America and the Union of Soviet Socialist Republics on the Elimination of Their Intermediate-Range and Shorter-Range Missiles  |d (1987 December 8) 
650 0 |a Ballistic missiles  |z Russia (Federation) 
650 0 |a Nuclear arms control  |z United States. 
650 0 |a Nuclear arms control  |z Russia (Federation) 
650 0 |a Security, International. 
651 0 |a United States  |x Foreign relations  |z Russia (Federation) 
651 0 |a Russia (Federation)  |x Foreign relations  |z United States. 
655 7 |a Legislative hearings.  |2 lcgft 
710 1 |a United States.  |b Congress.  |b House.  |b Committee on Foreign Affairs.  |b Subcommittee on Terrorism, Nonproliferation, and Trade,  |e author. 
776 0 8 |i Microfiche version:  |a United States. Congress. House. Committee on Armed Services. Strategic Forces Subcommittee.  |t Consequences and context for Russia's violations of the INF treaty  |w (OCoLC)1048259368 
776 0 8 |i Print version:  |a United States. Congress. House. Committee on Armed Services. Strategic Forces Subcommittee.  |t Consequences and context for Russia's violations of the INF treaty  |w (OCoLC)1009638916 
856 4 0 |u https://purl.fdlp.gov/GPO/gpo86206  |t 0 
856 4 0 |u http://purl.fdlp.gov/GPO/gpo86206  |t 0 
999 f f |s 5178ddae-d3bb-3019-9bc2-1e9a3c75e382  |i ae451160-78c6-3dde-a45e-2162eefe9efe  |t 0 
952 f f |a Texas A&M University  |b College Station  |c Electronic Resources  |d Available Online  |t 0  |e Y 4.AR 5/2 A:2017-2018/31  |h Superintendent of Documents classification 
998 f f |a Y 4.AR 5/2 A:2017-2018/31  |t 0  |l Available Online